|
|
|
|
| LEADER |
00000nas a2200000 a 4500 |
| 001 |
ssj0011875 |
| 003 |
WaSeSS |
| 005 |
20200512172242.0 |
| 006 |
m d |
| 007 |
cr n |
| 008 |
831027d19732009maubx p s 0 a0eng d |
| 010 |
|
|
|a sn 84006243
|
| 022 |
|
|
|l 0748-0725
|y 0748-0725
|
| 035 |
|
|
|a (WaSeSS)ssj0011875
|
| 037 |
|
|
|b American Friends Service Committee, 2161 Massachusetts Ave., Cambridge, MA 02140
|
| 040 |
|
|
|a VTU
|b eng
|c VTU
|d NSD
|d BTI
|d NST
|d EYM
|d NSD
|d OCL
|d SYS
|d BMU
|d HUL
|d OCLCQ
|d BHA
|d CUV
|d OCLCQ
|d OCLCO
|d OCLCF
|d OCLCQ
|d WaSeSS
|
| 042 |
|
|
|a nsdp
|
| 050 |
1 |
4 |
|a JX1901
|b .P4
|
| 082 |
1 |
4 |
|a 321
|2 11
|
| 130 |
0 |
|
|a Peacework (Cambridge, Mass.)
|
| 210 |
0 |
|
|a Peacework
|b (Cambridge, Mass.)
|
| 222 |
|
0 |
|a Peacework
|b (Cambridge, Mass.)
|
| 245 |
1 |
0 |
|a Peacework
|h [electronic resource].
|
| 246 |
3 |
|
|a Peace work
|
| 260 |
|
|
|a [Cambridge, Mass.] :
|b [American Friends Service Committee],
|c [1973-2009]
|
| 310 |
|
|
|a Bimonthly,
|b July 2009-Sept. 2009
|
| 321 |
|
|
|a Eleven issues yearly,
|b -May 2009
|
| 362 |
0 |
|
|a No. 6 (Jan. 1973)-v. 36, issue 397 (Sept. 2009).
|
| 500 |
|
|
|a "New England peace movement newsletter."
|
| 506 |
|
|
|a License restrictions may limit access.
|
| 515 |
|
|
|a Beginning with Vol. 27, issue 204 (Apr. 2000), volume designation was added to continuous whole numbering.
|
| 588 |
|
|
|a Description based on: No. 6 (Jan. 1973); title from caption.
|
| 588 |
|
|
|a Latest issue consulted: Vol. 36, issue 397 (Sept. 2009).
|
| 650 |
|
0 |
|a Peace
|x Societies, etc.
|v Periodicals.
|
| 650 |
|
0 |
|a Pacifism
|v Periodicals.
|
| 650 |
|
0 |
|a World War III
|x Protest movements
|v Periodicals.
|
| 650 |
|
0 |
|a Social justice
|v Periodicals.
|
| 650 |
|
7 |
|a Pacifism.
|2 fast
|0 (OCoLC)fst01050108
|
| 650 |
|
7 |
|a Peace
|x Societies, etc.
|2 fast
|0 (OCoLC)fst01055832
|
| 650 |
|
7 |
|a Social justice.
|2 fast
|0 (OCoLC)fst01122603
|
| 655 |
|
0 |
|a Electronic journals.
|
| 710 |
2 |
|
|a American Friends Service Committee.
|
| 776 |
1 |
|
|t Peacework (Cambridge, Mass.)
|x 0748-0725
|w (DLC)sn 84006243
|w (OCoLC)122501798
|
| 780 |
0 |
0 |
|t Final draft
|w (OCoLC)36652683
|
| 850 |
|
|
|a KU-S
|a MH-AH
|a MiU
|a MMeT
|a NN
|
| 853 |
0 |
0 |
|8 1
|a #
|i (year)
|j (month)
|
| 856 |
4 |
0 |
|z Full text available from Research Library: 01/01/1995 to 09/30/2009
|u https://search.proquest.com/publication/30193
|
| 863 |
4 |
0 |
|8 1
|a <6>-
|i <1973>
|x provisional
|